| 000 | 01035nam a2200313 i 4500 | ||
|---|---|---|---|
| 001 | 000006255 | ||
| 003 | DO-SdBNP | ||
| 005 | 20240514124353.0 | ||
| 007 | ta | ||
| 008 | 090827s2001 dr a 000 0 spa d | ||
| 020 | _z9993473049 | ||
| 040 |
_aDO-SdBNP _bspa _cBNPHU _erda |
||
| 082 | 4 |
_a370.1 _bM826f _222 |
|
| 100 | 1 |
_aMoquete de la Rosa, Jacobo, _91678 _eautor |
|
| 245 | 1 | 0 |
_aFilosofía de la educación / _cJacobo Moquete de la Rosa. |
| 264 |
_aSanto Domingo : _bUASD, _c2001. |
||
| 300 |
_a427 páginas : _bilustraciones ; _c24 cm. |
||
| 336 |
_2rdacontent _atexto _btxt |
||
| 337 |
_2rdamedia _asin mediación _bn |
||
| 338 |
_2rdacarrier _avolumen _bnc |
||
| 490 |
_aEducación y sociedad _v41 _v987 |
||
| 500 | _aIncluye datos biográficos del autor en la contracubierta | ||
| 504 | _aBibliografía : p. 421-427 | ||
| 590 | _aInventariado, 2018/LP | ||
| 650 | 0 |
_aEducación _xFilosofía _93186 |
|
| 710 | 1 |
_aUniversidad Autónoma de Santo Domingo _972951 |
|
| 910 | _aValidado. Control de calidad MFF | ||
| 942 |
_2ddc _cLBS1 |
||
| 999 |
_c6050 _d6050 |
||